000 00441pab a2200169 454500
008 180718b1997 xxu||||| |||| 00| 0 eng d
100 _aSharma, Vinod K.
245 _aNatural disaster management in India
260 _c1997
300 _ap.764-774.
362 _aJul-Sep
650 _aDisaster prevention - India
650 _aDisaster prevention
773 _aIndian Journal of Public Administration
908 _aN
909 _a36199
999 _c36199
_d36199